The Last of the Mohicans (Record no. 18065)
[ view plain ]
| 000 -LEADER | |
|---|---|
| fixed length control field | 01669cgm a22003977a 4500 |
| 007 - PHYSICAL DESCRIPTION FIXED FIELD--GENERAL INFORMATION | |
| fixed length control field | vc cgaizm |
| 008 - FIXED-LENGTH DATA ELEMENTS--GENERAL INFORMATION | |
| fixed length control field | 140213t1992 xxu108 e |||| 0| vleng d |
| 020 ## - INTERNATIONAL STANDARD BOOK NUMBER | |
| International Standard Book Number | 7321900126199 |
| 041 1# - LANGUAGE CODE | |
| Language code of text/sound track or separate title | eng |
| -- | fri |
| 043 ## - GEOGRAPHIC AREA CODE | |
| Geographic area code | n-us--- |
| 082 04 - DEWEY DECIMAL CLASSIFICATION NUMBER | |
| Edition number | 22 |
| Classification number | 791.4372 |
| Item number | LAS |
| 245 04 - TITLE STATEMENT | |
| Title | The Last of the Mohicans |
| Medium | [videorecording] / |
| Statement of responsibility, etc | Morgan Creek International ; produced by Michael Mann ; based on the novel James Fenimore Cooper ; directed by Michael Mann. |
| 250 ## - EDITION STATEMENT | |
| Edition statement | 2.35 : 1 Widescreen. |
| 260 ## - PUBLICATION, DISTRIBUTION, ETC. (IMPRINT) | |
| Place of publication, distribution, etc | [California, United States] : |
| Name of publisher, distributor, etc | Morgan Creek International, Inc. : |
| -- | 20th Century Fox Home Entertainment, |
| Date of publication, distribution, etc | c.1992. |
| 300 ## - PHYSICAL DESCRIPTION | |
| Extent | 1 videodisc (108 min.) : |
| Other physical details | sd., col. ; |
| Dimensions | 4 3/4 in. |
| 508 ## - CREATION/PRODUCTION CREDITS NOTE | |
| Creation/production credits note | Music by Trevor Jones, Randy Edelman ; editors Dov Hoenig, <br/>Arthur Schmidt ; director of photography Dante Spinotti. |
| 511 ## - PARTICIPANT OR PERFORMER NOTE | |
| Participant or performer note | Daniel Day-Lewis, Madeleine Stowe, Jodhi May. |
| 521 ## - TARGET AUDIENCE NOTE | |
| Target audience note | Suitable only for persons of 15 years and over. |
| 546 ## - LANGUAGE NOTE | |
| Language note | In English and French Language. |
| 650 #0 - SUBJECT ADDED ENTRY--TOPICAL TERM | |
| 9 (RLIN) | 35184 |
| Topical term or geographic name as entry element | Film adaptations |
| 650 #0 - SUBJECT ADDED ENTRY--TOPICAL TERM | |
| 9 (RLIN) | 30844 |
| Topical term or geographic name as entry element | Feature films |
| 651 #0 - SUBJECT ADDED ENTRY--GEOGRAPHIC NAME | |
| 9 (RLIN) | 35185 |
| Geographic name | United States |
| General subdivision | History |
| Chronological subdivision | French and Indian War, 1755-1763 |
| Form subdivision | Drama |
| 653 ## - INDEX TERM--UNCONTROLLED | |
| -- | GGEN |
| -- | February2014 |
| 700 1# - ADDED ENTRY--PERSONAL NAME | |
| 9 (RLIN) | 35186 |
| Personal name | Day-Lewis, Daniel |
| 700 1# - ADDED ENTRY--PERSONAL NAME | |
| 9 (RLIN) | 35187 |
| Personal name | Stowe, Madeleine |
| 700 1# - ADDED ENTRY--PERSONAL NAME | |
| 9 (RLIN) | 35188 |
| Personal name | May, Jodhi, |
| Dates associated with a name | 1975- |
| 700 1# - ADDED ENTRY--PERSONAL NAME | |
| 9 (RLIN) | 35189 |
| Personal name | Jones, Trevor |
| 700 1# - ADDED ENTRY--PERSONAL NAME | |
| 9 (RLIN) | 35190 |
| Personal name | Edelman, Randy |
| 700 1# - ADDED ENTRY--PERSONAL NAME | |
| 9 (RLIN) | 35191 |
| Personal name | Hoenig, Dov |
| 700 1# - ADDED ENTRY--PERSONAL NAME | |
| 9 (RLIN) | 35192 |
| Personal name | Schmidt, Arthur |
| 700 1# - ADDED ENTRY--PERSONAL NAME | |
| 9 (RLIN) | 35193 |
| Personal name | Spinotti, Dante |
| 700 1# - ADDED ENTRY--PERSONAL NAME | |
| 9 (RLIN) | 35194 |
| Personal name | Mann, Michael |
| Dates associated with a name | 1943- |
| 700 1# - ADDED ENTRY--PERSONAL NAME | |
| 9 (RLIN) | 35195 |
| Personal name | Cooper, James Fenimore, |
| Dates associated with a name | 1789-1851 |
| 710 2# - ADDED ENTRY--CORPORATE NAME | |
| 9 (RLIN) | 35196 |
| Corporate name or jurisdiction name as entry element | Morgan Creek Productions |
| 942 ## - ADDED ENTRY ELEMENTS (KOHA) | |
| Source of classification or shelving scheme | Dewey Decimal Classification |
| Item type | |
| Call number prefix | 791.4372 LAS |
| Withdrawn status | Lost status | Source of classification or shelving scheme | Damaged status | Not for loan | Koha collection | Home library | Current library | Shelving location | Date acquired | Source of acquisition | Total Checkouts | Full call number | Barcode | Date last seen | Koha item type |
|---|---|---|---|---|---|---|---|---|---|---|---|---|---|---|---|
| Dewey Decimal Classification | Baccah | Central Library | Central Library | Second Floor | 13/02/2014 | Purchase | 791.4372 LAS | 000035632 | 24/08/2022 | CD | DVD - Movie (NB) |